[Event "BL2-SW8889"]
[Site "Germany"]
[Date "1989.??.??"]
[Round "?"]
[White "Zude, Arno"]
[Black "Arnold, Lothar"]
[Result "1-0"]
[WhiteElo "2320"]
[BlackElo "2275"]

1.e4 c5 2.Nf3 e6 3.d4 cxd4 4.Nxd4 a6 5.Bd3 Nf6 6.O-O Qc7 7.c4 Nc6 8.Nxc6 dxc6
9.Bg5 Be7 10.Qe2 e5 11.Nc3 O-O 12.a3 Ng4 13.Bxe7 Qxe7 14.b4 Be6 15.Rad1 a5
16.Qb2 axb4 17.axb4 Rfd8 18.c5 Nf6 19.Be2 Rd4 20.Rd3 b6 21.Ra1 Rad8 22.cxb6 Rxd3
23.Bxd3 Rxd3 24.Nd5 cxd5 25.Ra8+ Ne8 26.Qb1 dxe4 27.b7 Rd8 28.b8=Q Rxb8 29.Rxb8 Kf8
30.b5 Qd6 31.Ra8 Bd5 32.Ra1 Qc5 33.Qb2 Bb7 34.Rc1 Qd6 35.b6 g6 36.Qb3 Kg7
37.h3 h5 38.Qb5 Qe7 39.Rc5 Kf6 40.Rc3 h4 41.Rc1 Qe6 42.Rc5 g5 43.Kh2 Nd6
44.Qb2 Nf5 45.Rc7 Qd5 46.Qe2 Kg6 47.Qg4 Bc6 48.Rc8 Ng7 49.Qe2 Bb7 50.Rg8 f6
51.Rh8 Qd4 52.Qa2 Bd5 53.Rd8 Bxa2 54.Rxd4 exd4 55.b7 e3 56.fxe3 dxe3 57.b8=Q e2
58.Qb4 Bc4 59.Kg1 Nf5 60.Kf2 Bd3 61.Qb3 Ba6 62.Qa4 Bd3 63.Qe8+ Kh6 64.Qd8 Ng3
65.Qxd3 Kg7 66.Qd7+ Kg6 67.Ke1 f5 68.Qe7 f4 69.Qe5 Kh6 70.Qf6+ Kh5 71.Qg7  1-0

[Event "BL2-W8889"]
[Site "Germany"]
[Date "1989.??.??"]
[Round "?"]
[White "Weber, Peter"]
[Black "Capelan, Guenter"]
[Result "1-0"]
[WhiteElo "2215"]
[BlackElo "2385"]

1.e4 c5 2.Nf3 e6 3.d4 cxd4 4.Nxd4 a6 5.Bd3 Nc6 6.Nxc6 dxc6 7.O-O e5 8.Nd2 Nf6
9.Nc4 Qc7 10.a4 a5 11.Be3 Nd7 12.Qh5 g6 13.Qe2 Bc5 14.Bh6 Bf8 15.Qd2 Nb6
16.Bxf8 Nxc4 17.Bxc4 Rxf8 18.Ra3 Be6 19.Bxe6 fxe6 20.Rd3 Rd8 21.Rd1 Rxd3
22.Qxd3 Rf7 23.Qc4 Qb6 24.Qxe6+ Kf8 25.Qd6+ Kg8 26.Qd8+ Qxd8 27.Rxd8+ Rf8
28.Rxf8+ Kxf8 29.Kf1 Ke7 30.Ke2 Kd6 31.g3 g5 32.f3 b5 33.b3  1-0

[Event "BL2-SW8889"]
[Site "Germany"]
[Date "1989.??.??"]
[Round "?"]
[White "Pfrommer, Christoph"]
[Black "Bosbach, Gerhard"]
[Result "1-0"]
[WhiteElo "2335"]
[BlackElo "2250"]

1.e4 c5 2.Nf3 e6 3.d4 cxd4 4.Nxd4 a6 5.Bd3 Bc5 6.Nb3 Ba7 7.Qe2 Nc6 8.Be3 Bxe3
9.Qxe3 Qc7 10.Nc3 Nf6 11.O-O-O O-O 12.f4 d6 13.g4 b5 14.g5 Nd7 15.Qh3 b4
16.e5 g6 17.Ne4 dxe5 18.Nf6+ Nxf6 19.gxf6 h5 20.Rhg1 e4 21.Bxe4 Qxf4+ 22.Nd2 Qxf6
23.Qxh5 Kg7 24.Bxc6 Rb8 25.Rdf1 Qd4 26.Be4 Rb5 27.Rxg6+  1-0

[Event "BL2-SW8889"]
[Site "Germany"]
[Date "1989.??.??"]
[Round "?"]
[White "Ostojic, Predrag"]
[Black "Bosbach, Gerhard"]
[Result "1-0"]
[WhiteElo "2375"]
[BlackElo "2250"]

1.e4 c5 2.Nf3 e6 3.d4 cxd4 4.Nxd4 a6 5.Bd3 Nf6 6.O-O d6 7.Kh1 g6 8.Bg5 Bg7
9.f4 Nbd7 10.Nd2 Qc7 11.c3 O-O 12.Qe1 h6 13.Bh4 b5 14.N4b3 Bb7 15.e5 dxe5
16.fxe5 Ng4 17.Bg3 Ndxe5 18.Qe2 Qd7 19.Bc2 Nc4 20.Nxc4 bxc4 21.Rad1 Bd5 22.Nd2 h5
23.h3 Nh6 24.Nxc4 Qc6 25.Ne5 Bxe5 26.Bxe5 Bc4 27.Bd3 Bxd3 28.Rxd3 Nf5 29.Bf6 Rab8
30.Qd2 Kh7 31.b3 a5 32.c4 a4 33.Rc1 axb3 34.axb3 Qe4 35.Re1 Qc6 36.Qf4 Rfe8
37.Qe4 Qc5 38.g4 hxg4 39.hxg4 Rh8 40.Rh3+ Nh6  1-0

[Event "BL2-SW8889"]
[Site "Germany"]
[Date "1989.??.??"]
[Round "?"]
[White "Kabisch, Thilo"]
[Black "Arnold, Lothar"]
[Result "0-1"]
[WhiteElo "2285"]
[BlackElo "2275"]

1.e4 c5 2.Nf3 e6 3.d4 cxd4 4.Nxd4 a6 5.Bd3 Nf6 6.O-O Qc7 7.c4 Nc6 8.Nc3 Be7
9.Nf3 O-O 10.Qe2 d6 11.b3 b6 12.Bb2 Bb7 13.Rad1 Nd7 14.Bb1 Rfe8 15.Ne1 Rad8
16.Rd3 Bf6 17.Rh3 Nd4 18.Qd1 Nf8 19.Na4 e5 20.Nc3 b5 21.Bd3 Qb6 22.Nc2 Nxc2
23.Qxc2 Rc8 24.Qd2 Bc6 25.Be2 Ne6 26.cxb5 axb5 27.Bg4 Rcd8 28.Rd3 Nf4 29.Rxd6 Rxd6
30.Qxd6 Rd8 31.Qb4 Nd3 32.Na4 Qc7 33.Qc3 bxa4 34.Ba3 Qb6 35.Bf3 axb3 36.axb3 h6
37.g3 Bb7 38.Qc2 Nb4 39.Qc3 Rd3 40.Qc4 Rxf3 41.Bxb4 Ba6  0-1

[Event "BL2-SW8889"]
[Site "Germany"]
[Date "1989.??.??"]
[Round "?"]
[White "Kabisch, Thilo"]
[Black "Arnold, Lothar"]
[Result "0-1"]
[WhiteElo "2285"]
[BlackElo "2275"]

1.e4 c5 2.Nf3 e6 3.d4 cxd4 4.Nxd4 a6 5.Bd3 g6 6.O-O Bg7 7.Be3 Nf6 8.c4 O-O
9.Nc3 d6 10.Re1 Nbd7 11.Bf1 Qc7 12.Qd2 Ng4 13.Bg5 d5 14.Bf4 Qb6 15.Nf3 d4
16.Na4 Qc6 17.b3 e5 18.h3 Nxf2 19.Qxf2 exf4 20.e5 Re8 21.Qxd4 b6 22.Qxf4 Qc7
23.Rad1 Nxe5 24.Kh1 Bb7 25.Nxe5 Bxe5 26.Qf2 Rab8 27.Nxb6 Bxg2+ 28.Bxg2 Rxb6
29.Rd5 Rbe6 30.Qc5 Qb6 31.Rd7 Bd6 32.Qf2 Rxe1+ 33.Bf1 R8e7 34.Rxe7 Rxe7 35.c5 Be5
36.Bc4 Qb7+ 37.Kg1 Qe4 38.a4 Bd4  0-1

[Event "BL2-N8889"]
[Site "Germany"]
[Date "1989.??.??"]
[Round "?"]
[White "Breyther, Ruediger"]
[Black "Klostermann, Markus"]
[Result "1-0"]
[WhiteElo "2365"]
[BlackElo "2260"]

1.e4 c5 2.Nf3 e6 3.d4 cxd4 4.Nxd4 a6 5.Bd3 Qc7 6.O-O Nf6 7.Qe2 d6 8.c4 g6
9.Nc3 Bg7 10.Rd1 Nbd7 11.Bc2 b6 12.Nf3 Bb7 13.Bf4 Bf8 14.Ba4 Rc8 15.Bg5 Ng8
16.Ne5 dxe5 17.Bxd7+ Qxd7 18.Rxd7 Kxd7 19.Na4 Rc6 20.Rd1+ Bd6 21.Nxb6+ Rxb6
22.c5 Rc6 23.Rxd6+ Rxd6 24.cxd6 h6 25.Bh4 g5 26.Bg3 f6 27.Qh5 Kxd6 28.Qe8 Rh7
29.Qxg8 Rc7 30.Qd8+ Rd7 31.Qxf6 Kc6 32.h3 Kb6 33.Qxe6+ Bc6 34.Qxe5 h5 35.Qxg5 h4
36.Qe3+ Kb7 37.Qb3+ Bb5 38.Bf4 Rd3 39.Qb4 Rd1+ 40.Kh2 Ka8 41.Qf8+ Be8 42.Qxe8+ Rd8
43.Qxd8+ Ka7 44.Qb8+  1-0

[Event "URS-sf Russia-ch"]
[Site "Gorky"]
[Date "1989.??.??"]
[Round "?"]
[White "Kuporosov, Viktor"]
[Black "Vyzmanavin, Alexey"]
[Result "1/2-1/2"]
[WhiteElo "2445"]
[BlackElo "2555"]

1.e4 c5 2.Nf3 e6 3.d4 cxd4 4.Nxd4 a6 5.Bd3 Qc7 6.O-O Nf6 7.Qe2 d6 8.c4 g6
9.Nc3 Bg7 10.Rd1 O-O 11.Nf3 Nbd7 12.Bf4 Ng4 13.Rac1 b6 14.Bb1 Nde5 15.b3 Bb7
16.Nd4 Nf6 17.h3 Rac8 18.Be3 Ned7 19.Nf3 Rfd8 20.Bf4 Ne5 21.Qe3 Nh5 22.Bh2 Nxf3+
23.Qxf3 Be5 24.Bxe5 dxe5 25.Qe3 Nf6 26.Rxd8+ Rxd8 27.Rd1 Rxd1+ 28.Nxd1 Qd6
29.Nb2 Nd7 30.f3 Qd4 31.Qxd4 exd4 32.Nd3 e5 33.b4 Kf8 34.Bc2 Bc6 35.Kf1 Ke7
36.Ke2 f6 37.a3 h5 38.Nb2 h4 39.Ba4 b5 40.Bb3 f5 41.Bc2 Ke6 42.a4 Nf6 43.cxb5 axb5
44.axb5 Bxb5+ 45.Bd3 Bc6 46.b5 Ba8 47.Na4 Nh5 48.b6 Kd6 49.Kd2 Ng3 50.exf5 gxf5
51.Ba6 Bc6 52.b7 Kc7 53.Nc5 Kb8 54.Kd3 Nh5 55.Ne6 Bd5 56.Nc5 Nf4+ 57.Kd2 Bc6
58.Bd3 Nxd3 59.Kxd3 Bb5+ 60.Kd2 Bf1 61.Nd7+  1/2-1/2

[Event "Gothenburg"]
[Site "Gothenburg"]
[Date "1989.??.??"]
[Round "6"]
[White "Winsnes, Rikard"]
[Black "Svenn, Gosta"]
[Result "1/2-1/2"]
[WhiteElo "2355"]
[BlackElo "2345"]

1.e4 c5 2.Nf3 e6 3.d4 cxd4 4.Nxd4 a6 5.Bd3 Nf6 6.O-O d6 7.c4 Nc6 8.Nxc6 bxc6
9.Nc3 e5 10.Bc2 Be7 11.Ba4 Qc7 12.Nd5 Nxd5 13.cxd5 Bd7 14.b4 cxd5 15.Qxd5 O-O
16.Bxd7 Qxd7 17.a4 Rab8 18.Bd2 Rfc8 19.Rfb1 Bd8 20.Qd3 Qa7 21.Be1 Bb6 22.Ra2 Bd4
23.Rc2 h6 24.Rbc1 Qb7 25.Kf1 g6 26.f3 Kg7 27.Rc4 Qd7 28.R4c2 Qb7 29.Qb3 Qd7
30.Qd3 Qb7 31.Qb3 Qd7 32.Qd3 Qb7 33.Qb3 Qd7 34.Qd3  1/2-1/2

[Event "Gran Canaria op2"]
[Site "Gran Canaria"]
[Date "1989.??.??"]
[Round "?"]
[White "Morales, Julian"]
[Black "Garcia, Pio Jesus"]
[Result "1-0"]
[WhiteElo "2270"]
[BlackElo "2305"]

1.e4 c5 2.Nf3 e6 3.d4 cxd4 4.Nxd4 a6 5.Bd3 Ne7 6.O-O Nbc6 7.Nxc6 Nxc6 8.c4 g6
9.Bf4 e5 10.Be3 d6 11.Nc3 Bg7 12.Nd5 Nd4 13.Bxd4 exd4 14.Qa4+ Bd7 15.Qb4 Bc6
16.a4 a5 17.Qd2 O-O 18.b4 axb4 19.Qxb4 Ra5 20.g3 g5 21.Ne7+ Kh8 22.Nf5 Be5
23.Ra2 g4 24.Rfa1 Rg8 25.Qd2 Rg5 26.Ra3 f6 27.h4 Rxf5 28.exf5 d5 29.c5 Rxc5
30.a5 Rc4 31.a6 b5 32.a7 Ba8 33.Ra5 b4 34.Rb5 Qf8 35.Ra6 Rc8 36.Rxb4 Qc5
37.Rab6 Qf8 38.Qb2  1-0

[Event "Gran Canaria op2"]
[Site "Gran Canaria"]
[Date "1989.??.??"]
[Round "?"]
[White "Rubio Purrinos, Hugo"]
[Black "Garcia, Pio Jesus"]
[Result "0-1"]
[WhiteElo "2235"]
[BlackElo "2305"]

1.e4 c5 2.Nf3 e6 3.d4 cxd4 4.Nxd4 a6 5.Bd3 d6 6.c4 Qc7 7.Nc3 Ne7 8.Be3 Nbc6
9.O-O Ne5 10.Rc1 Nxd3 11.Qxd3 Bd7 12.Rfd1 Rc8 13.b3 Ng6 14.Qe2 Be7 15.Nf5 exf5
16.Nd5 Qc6 17.exf5 Bxf5 18.h4 Be6 19.h5 Nh4 20.f3 Nf5 21.Bf2 Bxd5 22.Rxd5 Qxd5
23.cxd5 Rxc1+ 24.Kh2 Kd7 25.Qe4 g6 26.g4 Nh4 27.g5 Nf5 28.Qa4+ Kc8 29.f4 Bd8
30.b4 Rc4 31.Qb3 b5 32.a4 Kb7 33.axb5 axb5 34.Qa2 Nd4 35.Qa3 Re8 36.Bxd4 Rxd4
37.Qc3 Rc4 38.Qg7 Re7 39.Kg3 Re3+ 40.Kg4 Rcc3 41.Qxf7+ Rc7 42.Qf8 gxh5+ 43.Kxh5 Rd7
44.Qf5 Rc7 45.Qf8 Rd7 46.Qf5 Ree7 47.Qd3 Ka6 48.Qa3+ Kb7 49.Qd3 Kb6 50.Qd4+ Ka6
51.Qa1+ Kb7 52.Qf1 Kb6 53.Qg1+ Kb7 54.Qf1 Kb8 55.Qxb5+ Rb7 56.Qc6 Red7 57.f5 h6
58.gxh6 Bf6 59.Kg6 Be5 60.f6 Rbc7 61.Qb5+ Rb7 62.Qc6 Rbc7 63.Qb5+ Rb7 64.Qa5 Ra7
65.h7 Bxf6 66.Kxf6 Rxh7 67.Qd8+ Kb7 68.Kg6 Rc7 69.b5 Kb6 70.Qb8+ Rab7 71.Qe8 Rd7
72.Qc8 Rbc7 73.Qb8+ Kc5 74.Qa8 Kxb5 75.Qa2 Kc5 76.Qb3 Rb7 77.Qd3 Re7 78.Kf6 Rf7+
79.Kg5  0-1

[Event "Groningen op"]
[Site "Groningen"]
[Date "1989.??.??"]
[Round "5"]
[White "Schlosser, Michael"]
[Black "Velikov, Petar"]
[Result "1-0"]
[WhiteElo "2440"]
[BlackElo "2465"]

1.e4 c5 2.Nf3 e6 3.d4 cxd4 4.Nxd4 a6 5.Bd3 Nf6 6.O-O Qc7 7.Qe2 d6 8.f4 Nbd7
9.Nd2 Be7 10.Kh1 O-O 11.c4 Nc5 12.Bc2 e5 13.fxe5 dxe5 14.Nf5 Bxf5 15.exf5 Rad8
16.b3 Qd7 17.Qxe5 Bd6 18.Qd4 Qe7 19.Nf3 Bxh2 20.Qh4 Bb8 21.Bg5 h6 22.Bd2 Rfe8
23.Ba5 Rd7 24.Bb4 Qd6 25.Rfe1 Rxe1+ 26.Rxe1 b6 27.Bc3 Re7 28.Rd1 Qc6 29.Rd8+ Re8
30.Bxf6 gxf6 31.Nd4 Rxd8 32.Nxc6 Rd2 33.Qxh6  1-0

[Event "Groningen op"]
[Site "Groningen"]
[Date "1989.??.??"]
[Round "6"]
[White "Mokry, Karel"]
[Black "Bosboom, Manuel"]
[Result "0-1"]
[WhiteElo "2500"]
[BlackElo "2375"]

1.e4 c5 2.Nf3 e6 3.d4 cxd4 4.Nxd4 a6 5.Bd3 Nf6 6.O-O Qc7 7.Qe2 d6 8.c4 g6
9.Bg5 Bg7 10.Qd2 h6 11.Bh4 g5 12.Bg3 Nh5 13.Ne2 Nxg3 14.Nxg3 Nd7 15.Nc3 Be5
16.Nh5 b6 17.Rac1 Bb7 18.Rfe1 Ke7 19.g3 Rag8 20.Bf1 Rg6 21.Bg2 Rhg8 22.Nd1 g4
23.b4 Rg5 24.Nf4 h5 25.Nb2 Bf6 26.Nbd3 Rd8 27.Qe3 Kf8 28.h4 gxh3 29.Nxh3 Rg8
30.Qh6+ Ke7 31.Qxh5 Ne5 32.Qe2 Nc6 33.Qd2 e5 34.Rc3 Bc8 35.Kf1 Nd4 36.Ng1 Bg4
37.Nc1 Bg5 38.Qd3 Rc8 39.Nb3 Be6 40.c5 dxc5 41.bxc5 Rgd8 42.Qxa6 Nxb3 43.axb3 Bd2
44.Ne2 Bxe1 45.Kxe1 bxc5 46.f4 Ra8 47.Qb5 Ra5  0-1

[Event "EU-chT"]
[Site "Haifa"]
[Date "1989.??.??"]
[Round "1"]
[White "Westerinen, Heikki MJ"]
[Black "Hulak, Krunoslav"]
[Result "0-1"]
[WhiteElo "2435"]
[BlackElo "2550"]

1.e4 c5 2.Nf3 e6 3.d4 cxd4 4.Nxd4 a6 5.Bd3 Nf6 6.O-O d6 7.c4 Nbd7 8.Nc3 b6
9.f4 g6 10.e5 dxe5 11.Nc6 Qc7 12.Nxe5 Bb7 13.Qe2 Bg7 14.Nxd7 Qxd7 15.Be3 Qc6
16.Bd4 O-O 17.Bxf6 Bxf6 18.Be4 Qc7 19.Bxb7 Qxb7 20.Ne4 Bxb2 21.Rad1 Bg7 22.Rd6 Qc7
23.Rfd1 Rac8 24.c5 bxc5 25.Qxa6 c4 26.Qa4 c3 27.Qc2 Rb8 28.Rd7 Qxf4 29.Rf1 Qe3+
30.Kh1 Rb2 31.Qa4 Qe2 32.Rg1 Rxa2 33.Qb4 c2 34.Nc3 Bxc3 35.Qxc3 Qb5 36.Rc7 Qb2
37.Qc5 h5 38.h3 h4 39.Qc4 Ra1 40.Qxc2 Rxg1+ 41.Kxg1 Qxc2 42.Rxc2 Kg7 43.Kf2 g5
44.Ke3 Ra8 45.Ke4 Ra4+ 46.Ke5 Ra5+ 47.Kd6 Kf6 48.Kd7 Ra6 49.Rf2+ Kg6 50.Ke7 e5  0-1

[Event "EU-chT"]
[Site "Haifa"]
[Date "1989.??.??"]
[Round "2"]
[White "Hellers, Ferdinand"]
[Black "Gheorghiu, Florin"]
[Result "1/2-1/2"]
[WhiteElo "2560"]
[BlackElo "2500"]

1.e4 c5 2.Nf3 e6 3.d4 cxd4 4.Nxd4 a6 5.Bd3 Nf6 6.O-O d6 7.f4 g6 8.Nc3 Bg7
9.Kh1 O-O 10.f5 Nc6 11.Nxc6 bxc6 12.Bg5 exf5 13.exf5 d5 14.Qd2 a5 15.Rae1 Qb6
16.fxg6 fxg6 17.Re7 Ng4 18.h3 Rxf1+ 19.Bxf1 Qf2 20.Qxf2 Nxf2+ 21.Kg1 Bxc3
22.bxc3 Ne4 23.Bh6 Ba6 24.Bxa6 Rxa6 25.c4 Ra8 26.cxd5 cxd5 27.Rg7+ Kh8 28.Rd7 Kg8
29.Rxd5 Nc3 30.Rd7 Nxa2 31.c4 Nb4 32.Rg7+ Kh8 33.Rb7 Nd3 34.Be3 Rc8 35.Rd7 Nc5
36.Bd4+ Kg8 37.Rg7+ Kf8 38.Rxh7 Rc6 39.Ra7 Nb3 40.Bg7+ Ke8 41.Bc3 Rxc4 42.Bxa5  1/2-1/2

[Event "EU-chT"]
[Site "Haifa"]
[Date "1989.??.??"]
[Round "3"]
[White "Koch, Jean Rene"]
[Black "Cramling, Pia"]
[Result "0-1"]
[WhiteElo "2420"]
[BlackElo "2480"]

1.e4 c5 2.Nf3 e6 3.d4 cxd4 4.Nxd4 a6 5.Bd3 Nf6 6.O-O d6 7.c4 Bd7 8.Nc3 Nc6
9.Be3 Ne5 10.Be2 Rc8 11.b3 Qa5 12.Bd2 Qc5 13.Be3 Qa5 14.Bd2 Qc5 15.Nf3 Be7
16.Rc1 O-O 17.Be3 Qa5 18.Bd2 Qc5 19.Be3 Qa5 20.Bd2 Qc7 21.b4 Nxf3+ 22.Bxf3 Qb8
23.Qb3 b5 24.cxb5 axb5 25.Bf4 Bc6 26.Rfe1 Qb7 27.Rcd1 Rfd8 28.Rd3 h6 29.h3 Bf8
30.Qd1 Qc7 31.a3 Be7 32.Qd2 Kh7 33.Rd1 e5 34.Be3 Qb7 35.Qa2 Kg8 36.Qb1 Ra8
37.Qb3 Re8 38.R3d2 Nxe4 39.Bxe4 Bxe4 40.Nd5 Bd8 41.Rc1 Ra6 42.Rc3 Rc6 43.f3 Bf5
44.Kh2 Be6 45.Rxc6 Qxc6 46.Qd3 f5 47.Nc3 Bf7 48.Nxb5 d5 49.a4 f4 50.Bf2 e4
51.fxe4 dxe4 52.Qd7 Qg6 53.Rd6 Bf6 54.Qg4 Qxg4 55.hxg4 e3 56.Be1 Be5 57.Kg1 Rc8
58.Rd1 Bb3 59.Na7 Ra8 60.Rd7 Bxa4 61.b5  0-1

[Event "EU-chT"]
[Site "Haifa"]
[Date "1989.??.??"]
[Round "5"]
[White "Wedberg, Tom"]
[Black "Liberzon, Vladimir M"]
[Result "0-1"]
[WhiteElo "2515"]
[BlackElo "2480"]

1.e4 c5 2.Nf3 e6 3.d4 cxd4 4.Nxd4 a6 5.Bd3 Nf6 6.O-O d6 7.f4 Be7 8.Nc3 O-O
9.Nf3 Nc6 10.Qe1 Nd7 11.Be3 Qc7 12.Qg3 b5 13.Rae1 b4 14.Nd1 Bb7 15.Qh3 Rfe8
16.Nf2 Nf8 17.Ng4 f6 18.Qg3 Kh8 19.h4 d5 20.e5 f5 21.Ngh2 Rad8 22.Qh3 d4
23.Bd2 Bc5 24.g4 Ne7 25.h5 fxg4 26.Nxg4 h6 27.Nh4 Nf5 28.Nxf5 exf5 29.Nh2 Be4
30.Nf3 Qf7 31.b3 Ne6 32.Kh2 Bxd3 33.cxd3 Be7 34.Ng1 Rc8 35.Rc1 Rc3 36.Ne2 Rf8
37.Rg1 a5 38.Bxc3 bxc3 39.Rg6 Ba3 40.Rcg1 c2 41.Qf3 Rc8 42.Qd5 c1=Q 43.Nxc1 Qe7
44.Kg3 Nxf4 45.Kxf4 Qh4+ 46.Kf3 Qxh5+ 47.Kf4 Qh4+ 48.Kf3 Qh5+ 49.Kf4 Bxc1+
50.Rxc1 Qh4+ 51.Kxf5 Qh5+ 52.Kf4 Rf8+ 53.Rf6 Rxf6+  0-1

[Event "EU-chT"]
[Site "Haifa"]
[Date "1989.??.??"]
[Round "5"]
[White "Donchev, Dimitar I"]
[Black "Hulak, Krunoslav"]
[Result "1/2-1/2"]
[WhiteElo "2520"]
[BlackElo "2550"]

1.e4 c5 2.Nf3 e6 3.d4 cxd4 4.Nxd4 a6 5.Bd3 Nf6 6.O-O d6 7.Qe2 Nbd7 8.c4 g6
9.Rd1 b6 10.Nf3 Bb7 11.Nc3 Qc7 12.Bf4 Ng4 13.Rac1 Be7 14.h3 Nge5 15.Nxe5 dxe5  1/2-1/2

[Event "EU-chT"]
[Site "Haifa"]
[Date "1989.??.??"]
[Round "6"]
[White "Apicella, Manuel"]
[Black "Tolnai, Tibor"]
[Result "1-0"]
[WhiteElo "2395"]
[BlackElo "2470"]

1.e4 c5 2.Nf3 e6 3.d4 cxd4 4.Nxd4 a6 5.Bd3 Nf6 6.O-O d6 7.c4 b6 8.Nc3 Bb7
9.Qe2 g6 10.Be3 Nbd7 11.Bc2 Bg7 12.Rad1 O-O 13.Bb1 Qc7 14.f3 Rac8 15.b3 Qb8
16.Qd2 Rfe8 17.Bf2 Bf8 18.Rfe1 Ba8 19.a4 Nc5 20.Bc2 Ncd7 21.Bd3 Ne5 22.Bf1 Nfd7
23.h3 Nc5 24.Be3 Qc7 25.Rb1 f5 26.exf5 gxf5 27.b4 Ncd7 28.Rbc1 Bg7 29.Bh6 Nf8
30.Bxg7 Qxg7 31.f4 Nxc4 32.Bxc4 Rxc4 33.Nxf5 Qg6 34.Ne3 Rxf4 35.Qxd6 Qg3
36.Ned5 Qf2+ 37.Kh1 Rd4 38.Rf1 Qh4 39.Qc7 Rd8 40.Ne7+ Kh8 41.Qe5+  1-0

[Event "EU-chT"]
[Site "Haifa"]
[Date "1989.??.??"]
[Round "8"]
[White "Kosten, Anthony C"]
[Black "Cvitan, Ognjen"]
[Result "1/2-1/2"]
[WhiteElo "2500"]
[BlackElo "2515"]

1.e4 c5 2.Nf3 e6 3.d4 cxd4 4.Nxd4 a6 5.Bd3 Nf6 6.O-O d6 7.f4 g6 8.Nf3 Bg7
9.Qe1 O-O 10.Kh1 Nc6 11.Nc3 Nb4 12.e5 Nxd3 13.cxd3 Ne8 14.Be3 Bd7 15.Qf2 Bc6
16.Bb6 Qd7 17.d4 f6 18.d5 Bxd5 19.Nxd5 fxe5 20.Nc3 Rxf4 21.Qe2 Nf6 22.Rfd1 Rf5
23.Rac1 Rc8 24.Bf2 Rc6 25.Bh4 Nd5 26.Bg3 Bh6 27.Rc2 Qc7 28.Nh4 Rf7 29.h3 Ne3
30.Rcd2 Nxd1 31.Rxd1 Bg7 32.Nf3 Rf5 33.Nh4 Rf7 34.Nf3 Rf5 35.Nh4  1/2-1/2

[Event "EU-chT"]
[Site "Haifa"]
[Date "1989.??.??"]
[Round "8"]
[White "Moutousis, Konstantinos"]
[Black "Bischoff, Klaus"]
[Result "0-1"]
[WhiteElo "2330"]
[BlackElo "2530"]

1.e4 c5 2.Nf3 e6 3.d4 cxd4 4.Nxd4 a6 5.Bd3 Nf6 6.O-O Qc7 7.c4 Bc5 8.Nc2 Be7
9.Nc3 d6 10.Kh1 Nbd7 11.Ne3 b6 12.f3 Bb7 13.Qe1 Rc8 14.Bd2 O-O 15.Qf2 Rfe8
16.Rae1 Ne5 17.Be2 Ng6 18.Bd3 Nd7 19.f4 Bh4 20.g3 Bf6 21.b4 Qb8 22.Ncd1 Qa8
23.Ng2 Bd8 24.Qe2 Nf6 25.a4 Nf8 26.Nf2 N6d7 27.Rg1 Bf6 28.Qe3 g6 29.g4 Bg7
30.h4 a5 31.g5 axb4 32.Bxb4 Nc5 33.Bc2 Nfd7 34.Qh3 Qa6 35.Ne3 f5 36.Bxc5 Nxc5
37.h5 Qa5 38.Rd1 Rcd8 39.Kh2 Qc3 40.Rg3 e5 41.hxg6 hxg6 42.Nd3 Nxe4  0-1

[Event "EU-chT"]
[Site "Haifa"]
[Date "1989.??.??"]
[Round "9"]
[White "Gruenfeld, Yehuda"]
[Black "Gheorghiu, Florin"]
[Result "1/2-1/2"]
[WhiteElo "2530"]
[BlackElo "2500"]

1.e4 c5 2.Nf3 e6 3.d4 cxd4 4.Nxd4 a6 5.Bd3 Nf6 6.O-O d6 7.c4 b6 8.b3 Bb7
9.Qe2 g6 10.Bb2 Bg7 11.Nd2 Nbd7 12.N4f3 O-O 13.Rfd1 Qb8 14.Rab1 Rd8 15.h3 Qc7
16.Qe3 Nc5 17.Bc2 Ncd7 18.Rdc1 Rac8 19.Bd4 Ne8 20.Bxg7 Kxg7 21.Nf1 Nef6 22.Ng3 Qc5
23.Qd2  1/2-1/2

[Event "Helsinki2"]
[Site "Helsinki"]
[Date "1989.??.??"]
[Round "6"]
[White "Pyhala, Antti"]
[Black "Kochyev, Alexander"]
[Result "0-1"]
[WhiteElo "2385"]
[BlackElo "2475"]

1.e4 c5 2.Nf3 e6 3.d4 cxd4 4.Nxd4 a6 5.Bd3 Nf6 6.O-O Qc7 7.Kh1 Bc5 8.Nb3 Be7
9.a4 b6 10.Nc3 d6 11.f4 Bb7 12.Qe2 Nbd7 13.Bd2 O-O 14.Rae1 e5 15.f5 d5 16.exd5 Nxd5
17.Nxd5 Bxd5 18.Bc3 Qc6 19.Be4 Bxe4 20.Qxe4 Qxe4 21.Rxe4 f6 22.g4 Rac8 23.Rd1 Rfd8
24.Kg2 Kf7 25.Kf3 Rc7 26.Rd2 Rdc8 27.h3 g6 28.Bb4 Bxb4 29.Rxb4 Ke7 30.c3 gxf5
31.gxf5 Rc4 32.Rg2 Rxb4 33.cxb4 Rc4 34.Rg4 Rc2 35.Ke4 Kd6 36.Kd3 Rf2 37.Nd2 Rxf5
38.Rh4 h5 39.Rc4 Ke7 40.a5 Rf2 41.Rc6 bxa5 42.bxa5 Rh2 43.b4 Rxh3+ 44.Kc2 Rh4
45.Kc3 e4 46.Rxa6 e3 47.Nf3 Rf4 48.Ng1 Ne5 49.b5 Rc4+ 50.Kb3 Rc1 51.Ne2 Re1
52.Nd4 e2 53.Ra7+ Nd7 54.a6 Kd6 55.Nxe2 Rxe2 56.Ra8 Re1 57.Kb2 Re2+ 58.Kb3 Nc5+
59.Kb4 Re4+ 60.Ka5 Ra4+ 61.Kb6 Nd7+ 62.Kb7 Rb4 63.a7 Rxb5+ 64.Ka6 Rb6+ 65.Ka5 Rb1
66.Ka6 Nc5+ 67.Ka5 Nb7+ 68.Ka6 f5 69.Rf8 Nc5+ 70.Ka5 Ra1+ 71.Kb5 Rxa7 72.Rxf5 Rh7
73.Rxc5 h4 74.Kc4  0-1

[Event "JUG-ch"]
[Site "?"]
[Date "1989.??.??"]
[Round "?"]
[White "Ivanovic, Bozidar"]
[Black "Strikovic, Aleksa"]
[Result "1/2-1/2"]
[WhiteElo "2530"]
[BlackElo "2490"]

1.e4 c5 2.Nf3 e6 3.d4 cxd4 4.Nxd4 a6 5.Bd3 Qc7 6.O-O Nf6 7.Qe2 d6 8.c4 g6
9.f4 Bg7 10.Nf3 Nbd7 11.Nc3 O-O 12.Bd2 b6 13.Rac1 Bb7 14.Kh1 Rfe8 15.b4 Rac8
16.Qe1 Qb8 17.Qh4 Qa8 18.Rce1 d5 19.cxd5 exd5 20.exd5 Rxe1 21.Qxe1 Nxd5 22.Nxd5 Bxd5
23.Qb1 Nf6 24.Be3 b5  1/2-1/2

[Event "JUG-ch"]
[Site "?"]
[Date "1989.??.??"]
[Round "?"]
[White "Popovic, Petar"]
[Black "Abramovic, Bosko"]
[Result "1-0"]
[WhiteElo "2535"]
[BlackElo "2485"]

1.e4 c5 2.Nf3 e6 3.d4 cxd4 4.Nxd4 a6 5.Bd3 g6 6.c4 Bg7 7.Be3 d6 8.Nc3 Nf6
9.O-O O-O 10.Be2 Qc7 11.Qd2 b6 12.Rfd1 Bb7 13.f3 Nbd7 14.Nc2 Ne8 15.Rac1 Rc8
16.Kh1 Ne5 17.Na4 Nd7 18.b4 Bc6 19.Nc3 Qb8 20.Nd4 Bb7 21.Nb3 f5 22.exf5 gxf5
23.Na4 Ba8 24.Qe1 f4 25.Bf2 e5 26.Nc3 Rf7 27.Bd3 Nef6 28.Qe2 Bf8 29.a3 Rg7
30.Bf5 Bc6 31.Nd2 Re8 32.Nde4 b5 33.Qd3 Bxe4 34.Nxe4 Nxe4 35.Bxe4 Nf6 36.Bc6 Rc8
37.cxb5 axb5 38.Bh4 Rg6 39.Bxb5 Rxc1 40.Rxc1 Qa7 41.a4 Kg7 42.a5 Qe3 43.Re1 Qa7
44.a6 Be7 45.Bxf6+ Kxf6 46.Rc1 Kg7 47.Qe4 Kh6 48.Bd3 Bd8 49.Qf5 Kg7 50.Qh3 Rh6
51.Qg4+ Kf6 52.Qf5+ Kg7 53.Qc8  1-0

[Event "JUG-ch"]
[Site "?"]
[Date "1989.??.??"]
[Round "?"]
[White "Cabrilo, Goran"]
[Black "Abramovic, Bosko"]
[Result "1-0"]
[WhiteElo "2480"]
[BlackElo "2485"]

1.e4 c5 2.Nf3 e6 3.d4 cxd4 4.Nxd4 a6 5.Bd3 g6 6.Nc3 Bg7 7.Be3 Ne7 8.Qd2 O-O
9.Nb3 d5 10.Bh6 Nbc6 11.Bxg7 Kxg7 12.exd5 Nxd5 13.Be4 Nde7 14.O-O-O Qxd2+
15.Rxd2 e5 16.Rhd1 Rb8 17.f3 h5 18.Nc5 Nd4 19.Ne2 Ne6 20.Nd7 Bxd7 21.Rxd7 Nc6
22.Bxc6 bxc6 23.R1d6 Rfd8 24.Rxd8 Nxd8 25.Nc3 Rc8 26.Rd7 h4 27.Ne4 Ra8 28.Kd2 Ne6
29.a4 g5 30.Rd6 Rc8 31.b4 a5 32.c3 axb4 33.cxb4 Ra8 34.a5 c5 35.Rxe6 fxe6
36.Nxc5 Kf6 37.a6 Ke7 38.Kc3 Kd6 39.Kc4 Kc6 40.b5+ Kc7 41.Kb4 Rd8 42.Nxe6+  1-0

[Event "URS-qual U20"]
[Site "Jurmala"]
[Date "1989.??.??"]
[Round "?"]
[White "Ulibin, Mikhail"]
[Black "Novik, Maxim"]
[Result "1/2-1/2"]
[WhiteElo "2445"]
[BlackElo "2380"]

1.e4 c5 2.Nf3 e6 3.d4 cxd4 4.Nxd4 a6 5.Bd3 Nf6 6.O-O Qc7 7.Qe2 d6 8.f4 Nbd7
9.Kh1 Be7 10.c4 O-O 11.b3 Re8 12.Bb2 e5 13.fxe5 Nxe5 14.Nc3 Bd7 15.Rac1 Qd8
16.Bb1 Rb8 17.a4 Bf8 18.Qf2 Rc8 19.Rcd1 Qb6  1/2-1/2

[Event "Kecskemet"]
[Site "Kecskemet"]
[Date "1989.??.??"]
[Round "?"]
[White "Kapengut, Albert Z"]
[Black "Malich, Burkhard"]
[Result "1/2-1/2"]
[WhiteElo "2460"]
[BlackElo "2440"]

1.e4 c5 2.Nf3 e6 3.d4 cxd4 4.Nxd4 a6 5.Bd3 Nf6 6.O-O Qc7 7.Nd2 Nc6 8.Nxc6 bxc6
9.f4 d5 10.Kh1 Be7 11.b3 O-O 12.Bb2 a5 13.Rf3 dxe4 14.Nxe4 Nxe4 15.Bxe4 f5
16.Be5 Qb6 17.Rg3 Bf6 18.Bxf6 Rxf6 19.Bf3 Ra7 20.Qg1 Qxg1+ 21.Kxg1 e5 22.fxe5 Re6
23.Rd1 Rd7 24.Rd3 Rxd3 25.cxd3 Rxe5 26.d4 Re1+ 27.Kf2 Rc1  1/2-1/2

[Event "Leningrad"]
[Site "Leningrad"]
[Date "1989.??.??"]
[Round "?"]
[White "Luther, Thomas"]
[Black "Kochyev, Alexander"]
[Result "1/2-1/2"]
[WhiteElo "2410"]
[BlackElo "2475"]

1.e4 c5 2.Nf3 e6 3.d4 cxd4 4.Nxd4 a6 5.Bd3 Nf6 6.O-O Qc7 7.Qe2 d6 8.c4 g6
9.Nc3 Bg7 10.f4 O-O 11.f5 Re8 12.fxe6 fxe6 13.Kh1 Nfd7 14.Be3 Ne5 15.Rac1 b6
16.b3 Bb7  1/2-1/2

[Event "Lenk op"]
[Site "Lenk"]
[Date "1989.??.??"]
[Round "?"]
[White "Gobet, Fernand"]
[Black "Gheorghiu, Florin"]
[Result "1/2-1/2"]
[WhiteElo "2415"]
[BlackElo "2515"]

1.e4 c5 2.Nf3 e6 3.d4 cxd4 4.Nxd4 a6 5.Bd3 Nf6 6.O-O d6 7.c4 b6 8.Nc3 Bb7
9.Be3 Nbd7 10.f3 Rc8 11.b3 Be7 12.Rc1 O-O 13.Kh1 Re8 14.Qd2 Bf8 15.Rfd1 Qc7
16.Bf1 Qb8 17.Qf2 d5  1/2-1/2

[Event "Vidmar mem"]
[Site "Ljublana Portoroz"]
[Date "1989.??.??"]
[Round "?"]
[White "Mohr, Georg"]
[Black "Bischoff, Klaus"]
[Result "1/2-1/2"]
[WhiteElo "2450"]
[BlackElo "2505"]

1.e4 c5 2.Nf3 e6 3.d4 cxd4 4.Nxd4 a6 5.Bd3 Nf6 6.O-O Qc7 7.c4 Nc6 8.Nxc6 dxc6
9.Be3 e5 10.h3 Nd7 11.Nc3 Be7 12.a3 Nc5 13.Na4 Nxa4  1/2-1/2